| Tag |
First Indicator |
Second Indicator |
Subfields |
| LEADER |
00000cam a2200000 4500 |
| 001 |
in00000022798 |
| 005 |
20151007064137.0 |
| 008 |
750716s1941 enk 00010 eng u |
| 010 |
|
|
|a a 43000072
|
| 035 |
|
|
|a (OCoLC)01453207
|
| 035 |
|
|
|9 AAD9159AM
|
| 040 |
|
|
|c JPL
|d TXA
|d UtOrBLW
|
| 049 |
|
|
|a TXAM
|c [124625]
|
| 050 |
|
0 |
|a PE1111
|b .C66
|
| 092 |
|
|
|a 808.5
|b C738s
|
| 100 |
1 |
|
|a Compton, J.
|
| 245 |
1 |
0 |
|a Spoken English ;
|b its practice in schools and training colleges /
|c edited by J. Compton.
|
| 264 |
|
1 |
|a London :
|b Methuen & co. ltd.,
|c [1941]
|
| 300 |
|
|
|a x, 240 pages, 1 . ;
|c 19 cm.
|
| 336 |
|
|
|a text
|b txt
|2 rdacontent
|
| 337 |
|
|
|a unmediated
|b n
|2 rdamedia
|
| 338 |
|
|
|a volume
|b nc
|2 rdacarrier
|
| 650 |
|
0 |
|a English language
|x Grammar.
|
| 999 |
|
|
|a MARS
|
| 999 |
f |
f |
|s 5f9a9023-02fc-3377-8447-17b98a21b8a4
|i 3fcbdf65-a369-34a3-a8f2-9805b3be70af
|t 0
|
| 952 |
f |
f |
|p ric
|a Texas A&M University
|b Rellis Campus
|c Joint Library Facility
|s JLF
|d Remote Storage
|t 0
|e PE1111 .C66
|h Library of Congress classification
|i unmediated -- volume
|m A14801199891
|
| 998 |
f |
f |
|a PE1111 .C66
|t 0
|l Remote Storage
|